000 00705nam a2200205Ii 4500
003 JO-AjNU
008 230605s9999||||xx |||||||||||||| ||und||
040 _aJO-AjNU
_bara
_erda
_cJO-AjNU
041 _aara
050 1 4 _aKMU115.8.S5264.1983
100 3 _a الشيخلي، عبد القادر ,
_eauthor
_942415
245 0 0 _aالسياسة السليمة في تأديب العاملين بالدولة
250 _a(د،ط)
264 3 1 _aعمان : دار الفكر ، 1983
300 _a136ص
336 _atext
_btxt
_2rdacontent
337 _aunmediated
_bn
_2rdamedia
338 _avolume
_bnc
_2rdacarrier
650 4 _aالموظفون -- تأديب -- قوانين وتشريعات
_942416
999 _aA18160
_c21728
_d21728